000 00531nam a2200217Ia 4500
003 OSt
005 20220928140925.0
006 a|||||r|||| 00| 0
007 ta
008 220927b |||||||| |||| 00| 0 eng d
024 _a12555
037 _cTextual
040 _aSDCL
_cSDCL
_beng
041 _2eng
_aeng
082 _aO-,3N123:g, L9
100 _aWaldeland Lynne
_9498246
245 0 _aJohn Cheever.
260 _c1979
942 _hO-,3N123:g, L9
_cTEXL
_2CC
999 _c814964
_d814964